<?xml version="1.0" encoding="UTF-8"?>
<marc:record xmlns:marc="http://www.loc.gov/MARC21/slim">
   <marc:leader>00000nam a2200000 a 4500</marc:leader>
   <marc:datafield ind1="1" ind2=" " tag="100">
      <marc:subfield code="a">Mühlhausen, Ulf</marc:subfield>
      <marc:subfield code="4">aut</marc:subfield>
      <marc:subfield code="e">Verfasser/-in</marc:subfield>
   </marc:datafield>
   <marc:datafield ind1="1" ind2=" " tag="100">
      <marc:subfield code="a">Wegner, Wolfgang</marc:subfield>
      <marc:subfield code="4">aut</marc:subfield>
      <marc:subfield code="e">Verfasser/-in</marc:subfield>
   </marc:datafield>
   <marc:datafield ind1=" " ind2=" " tag="653">
      <marc:subfield code="a">Unterrichtsmethode</marc:subfield>
   </marc:datafield>
   <marc:datafield ind1=" " ind2=" " tag="653">
      <marc:subfield code="a">Unterrichtsorganisation</marc:subfield>
   </marc:datafield>
   <marc:datafield ind1=" " ind2=" " tag="653">
      <marc:subfield code="a">Unterrichtsführung</marc:subfield>
   </marc:datafield>
   <marc:datafield ind1=" " ind2=" " tag="653">
      <marc:subfield code="a">Softcover / Pädagogik</marc:subfield>
   </marc:datafield>
   <marc:datafield ind1="0" ind2="0" tag="245">
      <marc:subfield code="a">Erfolgreicher Unterrichten?!</marc:subfield>
   </marc:datafield>
   <marc:datafield ind1="0" ind2="0" tag="245">
      <marc:subfield code="b">eine erfahrungsfundierte Einführung in unterrichtliches Handeln ; Begleit-DVD mit Videoszenen und Online-Übungen zur Unterrichtsanalyse</marc:subfield>
   </marc:datafield>
   <marc:datafield ind1="0" ind2="0" tag="245">
      <marc:subfield code="c">Ulf Mühlhausen und Wolfgang Wegner</marc:subfield>
   </marc:datafield>
   <marc:datafield ind1=" " ind2="1" tag="264">
      <marc:subfield code="a">Baltmannsweiler</marc:subfield>
      <marc:subfield code="b">Schneider-Verl. Hohengehren</marc:subfield>
      <marc:subfield code="c">2014</marc:subfield>
   </marc:datafield>
   <marc:datafield ind1=" " ind2=" " tag="250">
      <marc:subfield code="a">4., überarb. Aufl.</marc:subfield>
   </marc:datafield>
   <marc:datafield ind1="1" ind2=" " tag="520">
      <marc:subfield code="a">Angaben aus der Verlagsmeldung

Erfolgreicher Unterrichten?! : Eine erfahrungsfundierte Einführung in unterrichtliches Handeln. Begleit-DVD mit Videoszenen und Online-Übungen zur Unterrichtsanalyse / von Ulf Mühlhausen, Wolfgang Wegner

Was macht erfolgreichen Unterricht aus? Dieser Frage wird anhand von 13 schulpädagogischen Themenschwerpunkten nachgegangen, mit denen sich Lehrer/innen nach Ansicht der Autoren gründlich auseinandersetzen sollten. Neben Themen, die Berufsanfänger meist ohnehin brennend interessieren (z. B. 'sichere' Unterrichtsentwürfe, motivierende Unterrichtseinstiege, angemessenes Umgehen mit Störungen), werden Aspekte behandelt, die weniger in deren Blickfeld liegen (etwa der schulische Bildungsauftrag und schulrechtliche Grundlagen, Differenzierungsmöglichkeiten, Rituale und Regeln, Leistungsbeurteilung) und solche Aspekte, die auch in schulpädagogischen Einführungen meist nur knapp gestreift werden (z. B. die Bedeutung der Lernumgebung, eine effektive Unterrichtsorganisation, Tücken der Unterrichtsbeobachtung). Berufsanfänger empfinden eine Auseinandersetzung mit Unterricht „am Schreibtisch" oft als wenig gewinnbringend, weil ihnen die dabei unvermeidlich ins Spiel zu bringenden theoretischen Kategorien mangels eigener Unterrichtserfahrung fremd oder zumindest wenig vertraut erscheinen.
Diesem Manko wird hier entgegengewirkt, indem schulpädagogische Begriffe und Unterrichtskonzepte auf der beiliegenden DVD mit Videoszenen veranschaulicht werden und anhand von Web-basierten-Analyseübungen am PC vertieft werden können. Dabei ist jeweils ein thematischer Aspekt (u.a. Einstiege, Gesprächsführung, Arbeitsaufträge, Gruppenarbeit) auf eine videografierte Unterrichtsszene zu übertragen. Die Videoszenen, Wortprotokolle, Analysefragen und Textfelder für Antworten werden skriptgesteuert in einer übersichtlichen Oberfläche eingeblendet, so dass zur Ausführung nur rudimentäre PC-Kenntnisse erforderlich sind. Darüber hinaus enthält die DVD Anregungen für schulische Erkundungsprojekte sowie beispielhafte Ergebnisse solcher Projekte. Mit Hilfe der Videobeispiele, Analyseübungen und Erkundungsprojekte können die unterrichtstheoretischen Kategorien erfahrungsfundiert nachvollzogen, d.h. mit mittelbar und unmittelbar erlebtem Unterricht in Beziehung gesetzt werden.
</marc:subfield>
   </marc:datafield>
   <marc:datafield ind1=" " ind2=" " tag="020">
      <marc:subfield code="a">9783834013064</marc:subfield>
      <marc:subfield code="9">9783834013064</marc:subfield>
   </marc:datafield>
   <marc:datafield ind1=" " ind2=" " tag="020">
      <marc:subfield code="a">3834013064</marc:subfield>
      <marc:subfield code="9">3834013064</marc:subfield>
   </marc:datafield>
   <marc:datafield ind1=" " ind2=" " tag="041">
      <marc:subfield code="a">ger</marc:subfield>
   </marc:datafield>
   <marc:datafield ind1=" " ind2=" " tag="300">
      <marc:subfield code="a">295 S.</marc:subfield>
   </marc:datafield>
</marc:record>
